000 00758nam a2200217Ia 4500
005 20241129105940.0
008 241129s9999||||xx |||||||||||||| ||und||
020 _a978-93-5518-042-1
037 _aTB
040 _aARTS
_bhin
_cARTS
041 _ahin
_2hin
084 _aQ2:332w 152R2
_qARTS
100 _aसिंह, उदय प्रताप, ले.
245 0 _aगोरखबानी: मूलपाठ एवं व्याख्या
_cसिंह, उदय प्रताप, ले.
260 _aनई दिल्ली, भारत
_bवाणी प्रकाशन
_c2022
300 _a220पृ0
365 _aINR
_b695
650 _aHinduism
942 _cTB
_hQ2:332w 152R2
999 _c1226718
_d1226718